|
|
|
|
| LEADER |
00000nam0a2200000 4500 |
| 001 |
69525 |
| 005 |
20231031075900.0 |
| 035 |
|
|
|a (RuTPU)RU\TPU\book\74024
|
| 090 |
|
|
|a 69525
|
| 100 |
|
|
|a 20041026d1979 m y0rusy50 ca
|
| 101 |
0 |
|
|a rus
|
| 102 |
|
|
|a RU
|
| 105 |
|
|
|a a j 001zy
|
| 200 |
1 |
|
|a Лекции по геометрии. Семестр II. Линейная алгебра и дифференциальная геометрия
|e учебное пособие
|f М. М. Постников
|
| 210 |
|
|
|a Москва
|c Наука
|d 1979
|
| 215 |
|
|
|a 312 с.
|c ил.
|
| 320 |
|
|
|a Предметный указатель: с. 310-312
|
| 451 |
|
1 |
|0 (RuTPU)RU\TPU\book\37257
|t Линейная алгебра. Лекции по геометрии. Семестр 2
|o учебное пособие
|f М. М. Постников
|e 2-е изд., перераб.
|c М.
|n Наука
|d 1986
|p 399 с.
|a Постников, Михаил Михайлович
|
| 610 |
1 |
|
|a линейная алгебра
|
| 610 |
1 |
|
|a дифференциальная геометрия
|
| 610 |
1 |
|
|a теоремы
|
| 610 |
1 |
|
|a аннуляторы
|
| 610 |
1 |
|
|a тензоры
|
| 610 |
1 |
|
|a кососимметрические функционалы
|
| 610 |
1 |
|
|a плоскости
|
| 610 |
1 |
|
|a гиперповерхности
|
| 610 |
1 |
|
|a линейные операторы
|
| 610 |
1 |
|
|a лекции
|
| 675 |
|
|
|a 512.6(075.8)
|v 3
|
| 675 |
|
|
|a 514.7(075.8)
|v 3
|
| 700 |
|
1 |
|a Постников
|b М. М.
|g Михаил Михайлович
|
| 801 |
|
1 |
|a RU
|b 63413507
|c 20041026
|g PSBO
|
| 801 |
|
2 |
|a RU
|b 63413507
|c 20220117
|g PSBO
|
| 942 |
|
|
|c BK
|